000 00302nam a22001337a 4500
008 170829b xxu||||| |||| 00| 0 eng d
020 _a9780132320030
041 _aeng
080 _26TH
_a070
100 _a39
101 _aMED
245 _aWRITING IN THE DISCIPLINES
_cKENNEDY,M.L
942 _2udc
_cBK
999 _c25361
_d25361